[Event "Paris-ch op-A 89th"]
[Site "Paris"]
[Date "2014.07.11"]
[Round "7"]
[White "Aurel, Luc"]
[Black "Gromovs, Sergejs"]
[Result "0-1"]
[WhiteElo "2129"]
[BlackElo "2217"]
[PlyCount "96"]
[EventDate "2014.07.05"]
[EventType "swiss"]
[EventRounds "9"]
[EventCountry "FRA"]
[SourceTitle "EXT 2016"]
[Source "ChessBase"]
[SourceDate "2015.10.08"]
[SourceVersion "1"]
[SourceVersionDate "2015.10.08"]
[SourceQuality "1"]

1. c4 e5 2. g3 f5 3. Bg2 Nf6 4. d4 exd4 5. Qxd4 Nc6 6. Qd1 Bc5 7. Nh3 d6 8. 0-0 Be6 9. Nd2 h6 10. Nf4 Bf7 11. Nb3 Bb6 12. Nd5 0-0 13. Nxb6 axb6 14. Nd4 Qd7 15. b3 Ne4 16. Nxc6 bxc6 17. Bb2 d5 18. Qd4 Be6 19. f3 Nf6 20. c5 Qe7 21. Rfc1 Nd7 22. cxb6 c5 23. Qd2 cxb6 24. f4 Nf6 25. e3 Rad8 26. b4 Ne4 27. Qe1 Ra8 28. Bxe4 fxe4 29. bxc5 bxc5 30. a4 Rfc8 31. a5 Bh3 32. Be5 Qe6 33. Qd2 Ra7 34. Rab1 Rd7 35. Rb2 h5 36. Rb6 Qf7 37. a6 h4 38. Qe2 Ra7 39. Rcb1 Re8 40. Bb8 Ra8 41. a7 d4 42. Rb7 Qd5 43. Be5 Bd7 44. R1b6 dxe3 45. Qxe3 Qd1+ 46. Kf2 Rxe5 47. fxe5 Rf8+ 48. Kg2 h3# 0-1

[Event "Paris-ch op-A 89th"]
[Site "Paris"]
[Date "2014.07.10"]
[Round "6"]
[White "Rabineau, Clement"]
[Black "Aurel, Luc"]
[Result "1/2-1/2"]
[WhiteElo "2287"]
[BlackElo "2129"]
[PlyCount "101"]
[EventDate "2014.07.05"]
[EventType "swiss"]
[EventRounds "9"]
[EventCountry "FRA"]
[SourceTitle "EXT 2016"]
[Source "ChessBase"]
[SourceDate "2015.10.08"]
[SourceVersion "1"]
[SourceVersionDate "2015.10.08"]
[SourceQuality "1"]

1. d4 Nf6 2. c4 d6 3. Nc3 Nbd7 4. e4 e5 5. Nf3 Be7 6. Be2 c6 7. 0-0 0-0 8. Qc2 a6 9. Rd1 Qc7 10. Bg5 h6 11. Bh4 b6 12. a3 g5 13. dxe5 dxe5 14. Bg3 Ne8 15. Nd4 Ng7 16. Bg4 h5 17. Nf5 Nxf5 18. Bxf5 h4 19. Bxd7 Bxd7 20. Bxe5 Qxe5 21. Rxd7 Bd6 22. g3 Qe6 23. Rb7 hxg3 24. hxg3 Kg7 25. e5 Qxe5 26. Qe4 Rae8 27. Qxe5+ Bxe5 28. Rxb6 Bxc3 29. bxc3 Re6 30. Rxa6 Rd8 31. Ra5 Kg6 32. Rc5 Rd2 33. a4 f6 34. a5 Ree2 35. Rf1 Ra2 36. Kg2 g4 37. Kg1 Rec2 38. Kg2 Rxc3 39. Re1 Rcc2 40. Rf1 Ra4 41. Kg1 Raa2 42. Rxc6 Rxa5 43. Rc8 Ra4 44. Rg8+ Kf5 45. f3 Raa2 46. fxg4+ Ke6 47. Rh8 Rg2+ 48. Kh1 Rxg3 49. Rc1 Rxg4 50. c5 Rgg2 51. Rf1 1/2-1/2

[Event "Hauts de Seine-ch"]
[Site "Issy les Moulineaux"]
[Date "2014.05.04"]
[Round "?"]
[White "Albaric, Etienne"]
[Black "Aurel, Luc"]
[Result "1/2-1/2"]
[WhiteElo "1941"]
[BlackElo "2121"]
[PlyCount "63"]
[EventDate "2014.05.04"]
[EventType "swiss"]
[EventRounds "5"]
[EventCountry "FRA"]
[SourceTitle "EXT 2015"]
[Source "ChessBase"]
[SourceDate "2014.11.20"]
[SourceVersion "1"]
[SourceVersionDate "2014.11.20"]
[SourceQuality "1"]

1. e4 d6 2. d4 Nf6 3. Nc3 Nbd7 4. f4 e5 5. Nf3 exd4 6. Qxd4 c6 7. e5 dxe5 8. fxe5 Bc5 9. Qf4 Qe7 10. Be2 Nd5 11. Nxd5 cxd5 12. Be3 Bxe3 13. Qxe3 Qb4+ 14. c3 Qxb2 15. 0-0 Qb6 16. Nd4 0-0 17. e6 fxe6 18. Qxe6+ Qxe6 19. Nxe6 Rxf1+ 20. Rxf1 Nf6 21. Nc7 Rb8 22. Bf3 b6 23. Nxd5 Be6 24. Nxf6+ gxf6 25. Re1 Re8 26. Bg4 Bf7 27. Rxe8+ Bxe8 28. Kf2 Kf8 29. Ke3 Ke7 30. g3 Kd6 31. Kd4 Bg6 32. Bf3 1/2-1/2

[Event "Paris-ch op-B 87th"]
[Site "Paris"]
[Date "2012.07.13"]
[Round "7"]
[White "Aurel, Luc"]
[Black "Marek, Yves"]
[Result "0-1"]
[WhiteElo "2175"]
[BlackElo "2070"]
[PlyCount "90"]
[EventDate "2012.07.07"]
[EventType "swiss"]
[EventRounds "9"]
[EventCountry "FRA"]
[SourceTitle "EXT 2013"]
[Source "ChessBase"]
[SourceDate "2012.11.22"]
[SourceVersion "1"]
[SourceVersionDate "2012.11.22"]
[SourceQuality "1"]

1. e4 e5 2. Nf3 Nc6 3. Bc4 Nf6 4. d4 exd4 5. e5 d5 6. Bb5 Ne4 7. Nxd4 Bd7 8. Bxc6 bxc6 9. Be3 Be7 10. 0-0 c5 11. Nb3 Bb5 12. Re1 d4 13. Bxd4 cxd4 14. Rxe4 c5 15. c3 Qd5 16. f3 d3 17. Na3 c4 18. Nxb5 Qxb5 19. Nd2 Rc8 20. Kh1 0-0 21. Rb1 Rfd8 22. f4 g6 23. Qf3 Qa6 24. a3 Rd7 25. g3 Qe6 26. Kg2 Rdc7 27. g4 f5 28. exf6 Qxf6 29. Rbe1 Bf8 30. Re6 Qf7 31. Qe4 Qd7 32. f5 gxf5 33. gxf5 Qb5 34. Rb1 Rc5 35. Kh1 Rxf5 36. Rg1+ Rg5 37. Rg4 Rxg4 38. Qxg4+ Kh8 39. Re4 Rd8 40. Qf4 Bg7 41. Qc7 Rg8 42. Qxc4 Qxb2 43. Qxd3 Bxc3 44. Rh4 Qb7+ 45. Qe4 Qg7 0-1

[Event "FRA-ch op-A"]
[Site "Belfort"]
[Date "2010.08.18"]
[Round "8"]
[White "Kirk, Ezra"]
[Black "Aurel, Luc"]
[Result "1-0"]
[WhiteElo "1998"]
[BlackElo "2185"]
[PlyCount "97"]
[EventDate "2010.08.09"]
[EventType "swiss"]
[EventRounds "11"]
[EventCountry "FRA"]
[SourceTitle "CBM 138 Extra"]
[Source "ChessBase"]
[SourceDate "2010.10.29"]
[SourceVersion "1"]
[SourceVersionDate "2010.10.29"]
[SourceQuality "1"]

1. d4 d6 2. c4 Nd7 3. Nf3 e5 4. e3 Ngf6 5. Nc3 g6 6. Be2 Bg7 7. 0-0 0-0 8. Qc2 Re8 9. dxe5 dxe5 10. Rd1 c6 11. b3 e4 12. Nd2 Qe7 13. Bb2 h5 14. h3 Nf8 15. a3 N8h7 16. b4 Bf5 17. c5 Ng5 18. Bf1 Ng4 19. hxg4 hxg4 20. Ne2 Nf3+ 21. gxf3 gxf3 22. Ng3 Qh4 23. Nc4 Bh3 24. Nd6 Bxf1 25. Kxf1 Bxb2 26. Qxb2 Re6 27. Ke1 Qh2 28. Ndxe4 Rae8 29. Kd2 Rxe4 30. Nxe4 Rxe4 31. Kd3 Qh5 32. Kc2 Qf5 33. Rd3 Rh4 34. Kd2 Qg5 35. Rg1 Qe7 36. Ke1 Kh7 37. Rd4 Rh2 38. Qb3 Rh3 39. Qc4 Qf6 40. a4 Qf5 41. Rh4+ Rxh4 42. Qxh4+ Kg7 43. Qd4+ f6 44. e4 Qf4 45. Kd1 Qh2 46. Re1 Qh3 47. e5 fxe5 48. Qxe5+ Kh6 49. Qh8+ 1-0

[Event "Paris-ch op-A"]
[Site "Paris"]
[Date "2010.07.08"]
[Round "6"]
[White "Emmenecker, Philippe"]
[Black "Aurel, Luc"]
[Result "1-0"]
[WhiteElo "2169"]
[BlackElo "2185"]
[PlyCount "89"]
[EventDate "2010.07.03"]
[EventType "swiss"]
[EventRounds "9"]
[EventCountry "FRA"]
[SourceTitle "CBM 137 Extra"]
[Source "ChessBase"]
[SourceDate "2010.09.01"]
[SourceVersion "1"]
[SourceVersionDate "2010.09.01"]
[SourceQuality "1"]

1. d4 d6 2. c4 Nf6 3. Nc3 Nbd7 4. Nf3 e5 5. Bg5 h6 6. Bxf6 Qxf6 7. e3 g6 8. Qc2 Bg7 9. h4 exd4 10. Nxd4 h5 11. Nd5 Qd8 12. Qe4+ Kf8 13. 0-0-0 Nc5 14. Qc2 c6 15. Nc3 Qe7 16. e4 Be5 17. Nde2 Qf6 18. f3 Ne6 19. Kb1 Kg7 20. Qd3 Nf4 21. Nxf4 Bxf4 22. Ne2 Be5 23. Qd2 d5 24. f4 Bc7 25. cxd5 cxd5 26. e5 Qf5+ 27. Ka1 Qe6 28. Nd4 Qb6 29. Be2 Qa5 30. Qd3 Bd7 31. g4 hxg4 32. Rdg1 Bb6 33. Bxg4 Qc5 34. Bxd7 Qxd4 35. Qg3 Rad8 36. e6 Qf6 37. Re1 Bc7 38. Rhf1 a6 39. h5 Rxd7 40. exd7 Rxh5 41. Qc3 Qxc3 42. bxc3 d4 43. c4 Rh2 44. Re8 Ba5 45. d8Q 1-0

[Event "Paris-ch op-A"]
[Site "Paris"]
[Date "2010.07.04"]
[Round "2"]
[White "Brunier, Jules"]
[Black "Aurel, Luc"]
[Result "0-1"]
[WhiteElo "1988"]
[BlackElo "2185"]
[PlyCount "68"]
[EventDate "2010.07.03"]
[EventType "swiss"]
[EventRounds "9"]
[EventCountry "FRA"]
[SourceTitle "CBM 137 Extra"]
[Source "ChessBase"]
[SourceDate "2010.09.01"]
[SourceVersion "1"]
[SourceVersionDate "2010.09.01"]
[SourceQuality "1"]

1. e4 d6 2. d4 Nf6 3. Nc3 Nbd7 4. Nf3 e5 5. dxe5 dxe5 6. Bc4 h6 7. h3 c6 8. 0-0 Bb4 9. Qe2 Bxc3 10. bxc3 0-0 11. a4 a5 12. Ba3 Re8 13. Rfd1 Qb6 14. Rab1 Qa7 15. Bd6 b6 16. Nh4 Nc5 17. Bxc5 bxc5 18. Rd6 Qe7 19. Rxc6 Bd7 20. Rcb6 Ra7 21. Qe3 Kh7 22. Rd1 Nh5 23. Rdd6 Qxh4 24. Rxh6+ Kg8 25. g3 Qd8 26. Rbg6 Be6 27. Bxe6 Rxe6 28. Rxe6 fxe6 29. Rxe6 Rb7 30. Qe2 Rb1+ 31. Kh2 Qg5 32. Qc4 Kh7 33. Qxc5 Qc1 34. Kg2 Qh1# 0-1

[Event "Paris-ch op-A"]
[Site "Paris"]
[Date "2010.07.03"]
[Round "1"]
[White "Aurel, Luc"]
[Black "Mascle, Jean Guy"]
[Result "1/2-1/2"]
[WhiteElo "2185"]
[BlackElo "1972"]
[PlyCount "84"]
[EventDate "2010.07.03"]
[EventType "swiss"]
[EventRounds "9"]
[EventCountry "FRA"]
[SourceTitle "CBM 137 Extra"]
[Source "ChessBase"]
[SourceDate "2010.09.01"]
[SourceVersion "1"]
[SourceVersionDate "2010.09.01"]
[SourceQuality "1"]

1. c4 Nf6 2. Nc3 g6 3. g3 Bg7 4. Bg2 c6 5. e4 e5 6. Nge2 0-0 7. 0-0 d6 8. d3 Na6 9. Kh1 Kh8 10. f4 exf4 11. Nxf4 Nc5 12. Be3 Ne6 13. Nxe6 fxe6 14. d4 e5 15. d5 c5 16. h3 Bd7 17. Kh2 Qb6 18. Rb1 Qb4 19. Qd3 a6 20. Bd2 Qb6 21. b3 Qc7 22. a4 Rf7 23. Nd1 Raf8 24. a5 b5 25. axb6 Qxb6 26. Nc3 Nh5 27. Rxf7 Rxf7 28. Bf3 Kg8 29. Qe2 Nf6 30. g4 h5 31. g5 Nh7 32. Nd1 Nf8 33. Nf2 a5 34. Qd3 Be8 35. Kg2 Rb7 36. Bd1 a4 37. b4 cxb4 38. Rxb4 Qa6 39. c5 Bb5 40. c6 Bxd3 41. cxb7 Bf1+ 42. Kg1 Nd7 1/2-1/2

[Event "Massy op"]
[Site "Massy"]
[Date "2010.06.??"]
[Round "?"]
[White "Aurel, Luc"]
[Black "Msellek, Ilyass"]
[Result "1-0"]
[WhiteElo "2185"]
[BlackElo "2024"]
[PlyCount "109"]
[EventDate "2010.06.??"]
[EventType "swiss"]
[EventRounds "7"]
[EventCountry "FRA"]
[SourceTitle "EXT 2011"]
[Source "ChessBase"]
[SourceDate "2010.11.26"]
[SourceVersion "1"]
[SourceVersionDate "2010.11.26"]
[SourceQuality "1"]

1. c4 e5 2. g3 Nf6 3. Bg2 d5 4. cxd5 Nxd5 5. Nc3 Nb6 6. Nf3 Nc6 7. 0-0 Be6 8. Rb1 Be7 9. b4 f6 10. a3 0-0 11. d3 Qd7 12. Ne4 Nd5 13. Bb2 b6 14. Rc1 Bd6 15. Qc2 Nd8 16. d4 Nf7 17. dxe5 fxe5 18. Neg5 Bf5 19. Qc4 Nf6 20. Nxf7 Qxf7 21. Qxf7+ Kxf7 22. Ng5+ Ke7 23. Bxa8 Rxa8 24. e4 Bg4 25. f4 Nd7 26. fxe5 Nxe5 27. Bxe5 Bxe5 28. Nf3 Bxf3 29. Rxf3 Rd8 30. Rc2 h6 31. Kg2 Rd4 32. Re3 Rd8 33. Kf3 Rd4 34. Ke2 Ke6 35. Kf3 Ke7 36. Kg4 g6 37. Rc6 Kf7 38. h4 Rd1 39. h5 gxh5+ 40. Kf5 Bd6 41. e5 Rf1+ 42. Ke4 Be7 43. Rf3+ Rxf3 44. Kxf3 h4 45. gxh4 Bxh4 46. Rxc7+ Ke6 47. Ke4 h5 48. Rh7 Be7 49. Rxh5 Kd7 50. Kd5 a5 51. bxa5 bxa5 52. a4 Bb4 53. Rh7+ Kd8 54. Ke6 Bc5 55. Rd7+ 1-0

[Event "Breizh Masters-B"]
[Site "Guingamp"]
[Date "2008.03.01"]
[Round "9"]
[White "Piankov, Evgenij"]
[Black "Aurel, Luc"]
[Result "1/2-1/2"]
[WhiteElo "2348"]
[BlackElo "2148"]
[PlyCount "93"]
[EventDate "2008.02.23"]
[EventType "tourn"]
[EventRounds "9"]
[EventCountry "FRA"]
[EventCategory "3"]
[SourceTitle "CBM 123 Extra"]
[Source "ChessBase"]
[SourceDate "2008.05.06"]
[SourceVersion "1"]
[SourceVersionDate "2008.05.06"]
[SourceQuality "1"]

1. d4 d6 2. Nf3 Bg4 3. Bg5 Bxf3 4. exf3 Nd7 5. Bd3 g6 6. 0-0 Bg7 7. c3 Ngf6 8. Nd2 0-0 9. Ne4 d5 10. Nxf6+ exf6 11. Bf4 c6 12. a4 a5 13. Re1 Re8 14. Qb3 Qb6 15. Qc2 Re6 16. Rxe6 fxe6 17. h4 f5 18. Re1 Re8 19. h5 Kf7 20. hxg6+ hxg6 21. g3 Qd8 22. Kg2 Bf6 23. Rh1 Rh8 24. Rxh8 Bxh8 25. Qb3 b6 26. Qa3 c5 27. Bb5 e5 28. dxe5 Nxe5 29. Bxe5 Bxe5 30. Qb3 Qd6 31. f4 Bf6 32. Be2 Kg7 33. Bf3 d4 34. c4 Bd8 35. Bd5 Qe7 36. Qb5 d3 37. Qb3 Qe2 38. Bf3 Qc2 39. Qb5 Bf6 40. Qd7+ Kh6 41. g4 fxg4 42. Qxg4 d2 43. Qh3+ Kg7 44. Qd7+ Kh6 45. b3 Bd4 46. Qh3+ Kg7 47. Qd7+ 1/2-1/2

[Event "Breizh Masters-B"]
[Site "Guingamp"]
[Date "2008.02.27"]
[Round "6"]
[White "Aurel, Luc"]
[Black "Guilleux, Fabien"]
[Result "1/2-1/2"]
[WhiteElo "2148"]
[BlackElo "2345"]
[PlyCount "84"]
[EventDate "2008.02.23"]
[EventType "tourn"]
[EventRounds "9"]
[EventCountry "FRA"]
[EventCategory "3"]
[SourceTitle "CBM 123 Extra"]
[Source "ChessBase"]
[SourceDate "2008.05.06"]
[SourceVersion "1"]
[SourceVersionDate "2008.05.06"]
[SourceQuality "1"]

1. Nf3 c5 2. e4 e6 3. Nc3 a6 4. d3 b5 5. g3 Bb7 6. Bg2 Nf6 7. 0-0 d5 8. exd5 Nxd5 9. Ne4 Be7 10. Nfg5 Nc6 11. Qh5 g6 12. Qd1 Qd7 13. a3 h6 14. Nf3 0-0-0 15. b4 cxb4 16. axb4 Bxb4 17. Bb2 Rhe8 18. c4 bxc4 19. dxc4 Nb6 20. Qc1 Qd3 21. c5 Nc4 22. Nd6+ Nxd6 23. cxd6 Rxd6 24. Ne5 Qb5 25. Nxf7 Rd7 26. Ne5 Rc7 27. Nxc6 Bxc6 28. Bxc6 Rxc6 29. Qxh6 e5 30. Ba3 Bxa3 31. Rxa3 e4 32. Rc1 Ree6 33. Qf8+ Kb7 34. Qf7+ Ka8 35. Rd1 Rcd6 36. Rxd6 Rxd6 37. Ra1 e3 38. Qf8+ Ka7 39. Qxd6 exf2+ 40. Kg2 Qb7+ 41. Kh3 Qc8+ 42. Kg2 Qb7+ 1/2-1/2

[Event "Montigny le Bretonneux Noel op 10th"]
[Site "Montigny le Bretonneux"]
[Date "2007.12.27"]
[Round "3"]
[White "Aurel, Luc"]
[Black "Stroppa, Daniel"]
[Result "1-0"]
[WhiteElo "2131"]
[BlackElo "2223"]
[PlyCount "89"]
[EventDate "2007.12.26"]
[EventType "swiss"]
[EventRounds "7"]
[EventCountry "FRA"]
[SourceTitle "CBM 122 Extra"]
[Source "ChessBase"]
[SourceDate "2008.03.04"]
[SourceVersion "1"]
[SourceVersionDate "2008.03.04"]
[SourceQuality "1"]

1. e4 e6 2. Qe2 e5 3. Nf3 Nc6 4. g3 Bc5 5. Bg2 d6 6. 0-0 Bg4 7. c3 Qd7 8. b4 Bb6 9. a4 a6 10. Na3 Nf6 11. Nc4 Ba7 12. d3 Ne7 13. Bg5 Qe6 14. Ne3 Bxe3 15. Bxe3 h6 16. Qc2 Bh3 17. Ne1 Bxg2 18. Kxg2 d5 19. f3 0-0 20. c4 c6 21. a5 Nd7 22. Kg1 f5 23. Ng2 fxe4 24. dxe4 d4 25. Bd2 c5 26. f4 cxb4 27. Bxb4 Rfc8 28. fxe5 Nc6 29. Bd2 Ncxe5 30. Nf4 Qxc4 31. Qd1 Qc2 32. Qe1 Nf6 33. Nd5 Nxd5 34. exd5 Re8 35. Qd1 Qe4 36. d6 Rf8 37. Qb3+ Kh8 38. Bf4 Nd3 39. d7 Rad8 40. Qc2 Qh7 41. Bc7 Nf4 42. Qxh7+ Kxh7 43. Rxf4 Rxf4 44. Bxf4 Rxd7 45. Kf2 1-0

[Event "Montigny le Bretonneux Noel op 10th"]
[Site "Montigny le Bretonneux"]
[Date "2007.11.04"]
[Round "9"]
[White "Aurel, Luc"]
[Black "Delabre, Tony"]
[Result "1-0"]
[WhiteElo "2131"]
[BlackElo "2075"]
[PlyCount "59"]
[EventDate "2007.12.26"]
[EventType "swiss"]
[EventRounds "7"]
[EventCountry "FRA"]
[SourceTitle "EXT 2008"]
[Source "ChessBase"]
[SourceDate "2007.11.25"]
[SourceVersion "1"]
[SourceVersionDate "2007.11.25"]
[SourceQuality "1"]

1. c4 Nf6 2. g3 e5 3. Bg2 Nc6 4. d3 g6 5. Nc3 Bg7 6. e4 d6 7. Nge2 Be6 8. Nd5 0-0 9. Bg5 Nb8 10. Qd2 Nbd7 11. 0-0 c6 12. Ndc3 Qc7 13. h3 a5 14. b3 Nc5 15. f4 exf4 16. gxf4 Bd7 17. d4 Ne6 18. Bh4 Nh5 19. f5 Nd8 20. f6 Bh8 21. d5 b5 22. dxc6 Bxc6 23. cxb5 Bb7 24. Nd5 Bxd5 25. exd5 Nb7 26. Nd4 Nc5 27. Nc6 Rfe8 28. Rae1 Nd7 29. Ne7+ Kf8 30. Qh6+ 1-0

[Event "Montigny le Bretonneux Noel op 10th"]
[Site "Montigny le Bretonneux"]
[Date "2007.11.01"]
[Round "6"]
[White "Plantet, Marc"]
[Black "Aurel, Luc"]
[Result "0-1"]
[WhiteElo "1927"]
[BlackElo "2131"]
[PlyCount "46"]
[EventDate "2007.12.26"]
[EventType "swiss"]
[EventRounds "7"]
[EventCountry "FRA"]
[SourceTitle "EXT 2008"]
[Source "ChessBase"]
[SourceDate "2007.11.25"]
[SourceVersion "1"]
[SourceVersionDate "2007.11.25"]
[SourceQuality "1"]

1. e4 Nc6 2. Nf3 d6 3. Bc4 Nf6 4. Nc3 Bg4 5. d4 Bxf3 6. gxf3 e5 7. Bb5 Nd7 8. Be3 exd4 9. Bxd4 a6 10. Ba4 b5 11. Bb3 Nxd4 12. Qxd4 c5 13. Bxf7+ Kxf7 14. Qd5+ Ke8 15. Rg1 Nf6 16. Qc6+ Kf7 17. Qb7+ Be7 18. 0-0-0 Qd7 19. Qb6 Rhb8 20. Qa5 b4 21. Nd5 Nxd5 22. Rxd5 Rb7 23. Rgd1 Qb5 0-1

[Event "Montigny le Bretonneux Noel op 10th"]
[Site "Montigny le Bretonneux"]
[Date "2007.10.29"]
[Round "3"]
[White "Aurel, Luc"]
[Black "Hogrel, Nicolas"]
[Result "1-0"]
[WhiteElo "2131"]
[BlackElo "2054"]
[PlyCount "131"]
[EventDate "2007.12.26"]
[EventType "swiss"]
[EventRounds "7"]
[EventCountry "FRA"]
[SourceTitle "EXT 2008"]
[Source "ChessBase"]
[SourceDate "2007.11.25"]
[SourceVersion "1"]
[SourceVersionDate "2007.11.25"]
[SourceQuality "1"]

1. e4 d5 2. Nc3 Nf6 3. d4 Nxe4 4. Nxe4 dxe4 5. Bc4 g6 6. c3 Bg7 7. Bf4 0-0 8. f3 c5 9. dxc5 Qa5 10. Qb3 Nd7 11. fxe4 Nxc5 12. Qc2 Na4 13. Ne2 Bd7 14. Bb3 Nc5 15. Bd5 Qa6 16. Rd1 e6 17. Be3 exd5 18. Bxc5 Rfe8 19. 0-0 Bg4 20. Rde1 Qc4 21. Bf2 Qxe4 22. Qxe4 dxe4 23. Nd4 b6 24. Be3 Be6 25. a3 Bc4 26. Rf2 f5 27. a4 h6 28. h4 Kh7 29. h5 Re7 30. hxg6+ Kxg6 31. Nxf5 Rf7 32. Nxg7 Rxf2 33. Bxf2 Kxg7 34. Rxe4 Bd5 35. Re5 Bc6 36. Bd4 Kf7 37. a5 bxa5 38. Rxa5 a6 39. Rf5+ Ke6 40. Rf6+ Kd5 41. Rxh6 Rb8 42. Rh5+ Ke6 43. Re5+ Kd6 44. Re2 Kd5 45. b4 Re8 46. Rxe8 Bxe8 47. Kf2 Ke4 48. Kg3 Bh5 49. Kh4 Be2 50. g4 Kf4 51. g5 Kf5 52. Bf6 Bc4 53. Kh5 Bf7+ 54. Kh6 Bc4 55. Kg7 Be2 56. Kf7 Bh5+ 57. Ke7 Ke4 58. Bd4 Kf5 59. Be3 Ke4 60. Bd2 Kd5 61. c4+ Kd4 62. c5 a5 63. c6 a4 64. c7 Bg4 65. g6 a3 66. Bg5 1-0

[Event "Montigny le Bretonneux Noel op 10th"]
[Site "Montigny le Bretonneux"]
[Date "2007.10.27"]
[Round "1"]
[White "Aurel, Luc"]
[Black "Lebrun, Xavier"]
[Result "1/2-1/2"]
[WhiteElo "2131"]
[BlackElo "2162"]
[PlyCount "33"]
[EventDate "2007.12.26"]
[EventType "swiss"]
[EventRounds "7"]
[EventCountry "FRA"]
[SourceTitle "EXT 2008"]
[Source "ChessBase"]
[SourceDate "2007.11.25"]
[SourceVersion "1"]
[SourceVersionDate "2007.11.25"]
[SourceQuality "1"]

1. e4 e5 2. Nf3 Nc6 3. d4 exd4 4. Bc4 Nf6 5. e5 d5 6. Bb5 Ne4 7. Nxd4 Bd7 8. Bxc6 bxc6 9. 0-0 Bc5 10. Be3 0-0 11. Nd2 Nxd2 12. Qxd2 Qe7 13. Nf3 Bb6 14. Qc3 f6 15. exf6 Qxf6 16. Qxf6 Rxf6 17. Ne5 1/2-1/2

[Event "FRA-ch op-A"]
[Site "Aix les Bains"]
[Date "2007.08.19"]
[Round "6"]
[White "Forestier, Carole"]
[Black "Aurel, Luc"]
[Result "0-1"]
[WhiteElo "1909"]
[BlackElo "2121"]
[PlyCount "95"]
[EventDate "2007.08.13"]
[EventType "swiss"]
[EventRounds "11"]
[EventCountry "FRA"]
[SourceTitle "CBM 120 Extra"]
[Source "ChessBase"]
[SourceDate "2007.11.01"]
[SourceVersion "1"]
[SourceVersionDate "2007.11.01"]
[SourceQuality "1"]

1. d4 d6 2. Nf3 Bg4 3. e4 Nf6 4. Nc3 e6 5. Be2 Be7 6. Be3 c6 7. Bg5 d5 8. e5 Nfd7 9. Bxe7 Qxe7 10. Qd2 a6 11. Qf4 Bxf3 12. gxf3 c5 13. Qg3 cxd4 14. Qxg7 Qf8 15. Qxf8+ Kxf8 16. Nd1 Nxe5 17. h4 Nbc6 18. h5 Rc8 19. f4 Nc4 20. a3 h6 21. b3 Nd6 22. Bd3 Ne7 23. Nb2 Nef5 24. 0-0-0 Rg8 25. Rhg1 Ke7 26. Rde1 Rg7 27. Be2 Rcg8 28. Rxg7 Rxg7 29. Bf3 Kd8 30. Rh1 Ne4 31. Nd3 Kc7 32. Re1 Nf6 33. Rh1 Nd7 34. Kb2 b6 35. Ka2 Kd6 36. Kb2 f6 37. b4 e5 38. Ne1 e4 39. Bg2 Ne7 40. Rh3 f5 41. Rg3 Rxg3 42. fxg3 Nf6 43. Bf1 Nxh5 44. Bxa6 Nxg3 45. a4 Ng6 46. Ng2 h5 47. a5 bxa5 48. bxa5 0-1

[Event "Montigny le Bretonneux Noel op 09th"]
[Site "Montigny le Bretonneux"]
[Date "2006.12.27"]
[Round "7"]
[White "Aurel, Luc"]
[Black "Etrog, Jonathan"]
[Result "1-0"]
[WhiteElo "2135"]
[BlackElo "2078"]
[PlyCount "77"]
[EventDate "2006.12.27"]
[EventType "swiss"]
[EventRounds "7"]
[EventCountry "FRA"]
[SourceTitle "CBM 116 Extra"]
[Source "ChessBase"]
[SourceDate "2007.03.07"]
[SourceVersion "1"]
[SourceVersionDate "2007.03.07"]
[SourceQuality "1"]

1. c4 e5 2. g3 g6 3. Bg2 Bg7 4. Nc3 Ne7 5. d3 0-0 6. e4 d6 7. Nge2 c6 8. 0-0 f5 9. d4 Nd7 10. Be3 h6 11. f3 Qc7 12. Rc1 g5 13. exf5 Nxf5 14. Bf2 exd4 15. Nxd4 Ne5 16. Ne4 Nxd4 17. Bxd4 Bf5 18. f4 Bg4 19. Qd2 gxf4 20. gxf4 Ng6 21. h3 Bf5 22. Bxg7 Qxg7 23. Kh2 Nh4 24. Bh1 Kh7 25. Rg1 Bg6 26. Qf2 Nf5 27. Ng3 Qf6 28. Be4 Rg8 29. Bxf5 Bxf5 30. Nh5 Qf7 31. Qh4 Rg6 32. Rxg6 Bxg6 33. Re1 Qf5 34. Qe7+ Bf7 35. Nf6+ Kg7 36. Rg1+ Kh8 37. Qxf7 Qxf4+ 38. Kg2 Qd2+ 39. Kh1 1-0

[Event "Montigny le Bretonneux Noel op 09th"]
[Site "Montigny le Bretonneux"]
[Date "2006.12.27"]
[Round "4"]
[White "Aurel, Luc"]
[Black "Roux, Jean Luc"]
[Result "1-0"]
[WhiteElo "2135"]
[BlackElo "1934"]
[PlyCount "131"]
[EventDate "2006.12.27"]
[EventType "swiss"]
[EventRounds "7"]
[EventCountry "FRA"]
[SourceTitle "CBM 116 Extra"]
[Source "ChessBase"]
[SourceDate "2007.03.07"]
[SourceVersion "1"]
[SourceVersionDate "2007.03.07"]
[SourceQuality "1"]

1. e4 c5 2. Nf3 Nc6 3. Nc3 e6 4. Bb5 a6 5. Bxc6 bxc6 6. e5 d5 7. exd6 Nf6 8. d3 Bxd6 9. 0-0 0-0 10. Re1 Qc7 11. Bg5 Nd5 12. Ne4 f6 13. Nxd6 Qxd6 14. Bd2 e5 15. h3 Be6 16. b3 a5 17. a4 Rfd8 18. Qe2 Bf7 19. Nh2 Re8 20. Rad1 Nc7 21. Bc3 Nd5 22. Qd2 Qc7 23. Bb2 Rad8 24. Nf1 Nb4 25. Qc3 Qd6 26. Qd2 Qc7 27. Qc1 Nd5 28. Ng3 Bg6 29. Ba3 Nb4 30. Re2 Rd7 31. Rde1 Red8 32. Qe3 Qd6 33. Ne4 Bxe4 34. Qxe4 Qd5 35. Qe3 Qd4 36. Qxd4 cxd4 37. Bxb4 axb4 38. Re4 Rd5 39. f4 Re8 40. fxe5 Rexe5 41. Rxe5 fxe5 42. Ra1 Ra5 43. Kf2 Kf7 44. Ke2 Ke6 45. Rf1 Ke7 46. g4 Rc5 47. Kd2 Ra5 48. h4 h6 49. g5 hxg5 50. hxg5 e4 51. dxe4 Rxg5 52. Ra1 Kd6 53. a5 Kc7 54. a6 Kb8 55. Kd3 c5 56. a7+ Ka8 57. Kc4 Re5 58. Ra5 Rxe4 59. Rxc5 Rg4 60. Rc7 g5 61. Kxb4 Rf4 62. Kc4 g4 63. Kd3 g3 64. Rg7 g2 65. Rxg2 Kxa7 66. Re2 1-0

[Event "Montigny le Bretonneux Noel op 09th"]
[Site "Montigny le Bretonneux"]
[Date "2006.12.27"]
[Round "1"]
[White "Mourgues, Joelle"]
[Black "Aurel, Luc"]
[Result "0-1"]
[WhiteElo "1816"]
[BlackElo "2135"]
[PlyCount "95"]
[EventDate "2006.12.27"]
[EventType "swiss"]
[EventRounds "7"]
[EventCountry "FRA"]
[SourceTitle "CBM 116 Extra"]
[Source "ChessBase"]
[SourceDate "2007.03.07"]
[SourceVersion "1"]
[SourceVersionDate "2007.03.07"]
[SourceQuality "1"]

1. Nf3 g6 2. g3 Bg7 3. Bg2 d6 4. d3 e5 5. 0-0 Nd7 6. c3 Ne7 7. e4 0-0 8. Nbd2 h6 9. Nc4 f5 10. Ne3 f4 11. Qb3+ Kh7 12. Nd5 Nxd5 13. exd5 g5 14. Qc2 g4 15. d4+ Kg8 16. Nh4 f3 17. Bh1 Nf6 18. Qg6 Qe8 19. dxe5 dxe5 20. Qxe8 Rxe8 21. c4 Kf7 22. h3 h5 23. Re1 Bd7 24. Be3 Ng8 25. Rad1 Nh6 26. Nxf3 gxf3 27. Bxf3 Kg6 28. Bc1 Bxh3 29. Kh2 Bf5 30. Kg2 e4 31. Be2 Rad8 32. b4 Ng4 33. a3 Ne5 34. Bf4 Bh6 35. Rh1 Bg4 36. Bxg4 Nxg4 37. Bxc7 Rd7 38. d6 e3 39. Rhe1 Nxf2 40. Rd4 Ng4 41. c5 Rf8 42. Re4 Rf2+ 43. Kg1 Rdf7 44. Re6+ Kg7 45. Re7 Rxe7 46. dxe7 Kf7 47. Bd6 Nh2 48. g4 0-1